Стратегия совершенствования экономики социализма

Dades bibliogràfiques
Autor principal: Чухно А. А. Анатолий Андреевич
Sumari:Исключено из фонда НТБ ТПУ
Idioma:rus
Publicat: Киев, Вища школа, 1986
Format: MixedMaterials Llibre
KOHA link:https://koha.lib.tpu.ru/cgi-bin/koha/opac-detail.pl?biblionumber=265399

MARC

LEADER 00000nam0a2200000 4500
001 265399
005 20231031223142.0
020 |a RU  |b 86-85549 
035 |a (RuTPU)RU\TPU\book\288400 
090 |a 265399 
100 |a 20140626d1986 k a0rusy5003 ca 
101 0 |a rus 
102 |a UA 
105 |a y z 001zy 
200 1 |a Стратегия совершенствования экономики социализма  |f А. А. Чухно 
210 |a Киев  |c Вища школа  |d 1986 
215 |a 43 с. 
333 |a Исключено из фонда НТБ ТПУ 
700 1 |a Чухно  |b А. А.  |g Анатолий Андреевич  |4 070 
801 0 |a RU  |b RuMRKP  |c 19950704  |g psbo 
801 1 |a RU  |b 63413507  |c 20140626 
801 2 |a RU  |b 63413507  |c 20220211  |g RCR 
942 |c BK